ا فسا نے،ڈ ر ا مے،نا و لٹ (Record no. 171894)

MARC details
000 -LEADER
fixed length control field 00615nam a22001937a 4500
005 - DATE AND TIME OF LATEST TRANSACTION
control field 20200123103834.0
010 ## - LCCN (DPL NO)
LC control number A-854087
020 ## - INTERNATIONAL STANDARD BOOK NUMBER
Terms of availability 75.00
International Standard Book Number -
035 ## - SYSTEM CONTROL NUMBER
System control number A-854087
037 ## - SOURCE OF ACQUISITION
Source of stock number/acquisition BPPD/Pub.
Stock number -
082 ## - DEWEY DECIMAL CLASSIFICATION NUMBER
Classification number 840
100 ## - MAIN ENTRY--PERSONAL NAME
Personal name پطر س بخا ر ی
245 ## - TITLE STATEMENT
Title ا فسا نے،ڈ ر ا مے،نا و لٹ
Statement of responsibility, etc پطر س بخا ر ی
246 ## - VARYING FORM OF TITLE
Remainder of title Afsane, Drame,Novelt (Urdu)
Title proper/short title by Patras Bukhari
260 ## - PUBLICATION, DISTRIBUTION, ETC. (IMPRINT)
Place of publication, distribution, etc Pakistan
Name of publisher, distributor, etc Maktaba Urdu Adab
Date of publication, distribution, etc - ء
270 ## - ADDRESS
Address Bazar Sathan Androon,Lohari Gate ,
City Lahore
Postal code -
Telephone number -
Fax number -
300 ## - PHYSICAL DESCRIPTION
Extent 188 ص
Dimensions 22 Cm(Hb)
942 ## - ADDED ENTRY ELEMENTS (KOHA)
Source of classification or shelving scheme Dewey Decimal Classification
Item type Urdu Bks
Classification part 840
Call number suffix پ ط ر
Holdings
Withdrawn status Lost status Not for loan Collection code Home library Current library Date acquired Source of acquisition Cost, normal purchase price Full call number Barcode Copy number Cost, replacement price Koha item type
      Non-fiction Central Library Central Library 23/01/2020 BPPD/Ven. 175.00 840 پ ط ر A-854087 1 175.00 Urdu Bks

© Delhi Public Library
Hit Counter
free hit counter